Το Ανατολικόν ζήτημα : 1800-1923
Saved in:
| Main Author: | |
|---|---|
| Format: | Book |
| Language: | Greek |
| Published: |
Θεσσαλονίκη :
Π. Πουρνάρα ,
1978
|
| Subjects: | |
| Tags: |
Add Tag
No Tags, Be the first to tag this record!
|
MARC
| LEADER | 00000nam a2200000 i 4500 | ||
|---|---|---|---|
| 001 | 1/99249 | ||
| 008 | 950327s1978 gre d | ||
| 035 | |l 10011233 | ||
| 040 | |a GR-MY-UA |b gre |e aacr | ||
| 041 | 0 | |a gre | |
| 100 | 1 | |a Λάσκαρις, Μιχαήλ Θ., |d 1903-1965. | |
| 245 | 1 | 3 | |a Το Ανατολικόν ζήτημα : |b 1800-1923 / |c Μ. Θ. Λάσκαρι |
| 260 | |a Θεσσαλονίκη : |b Π. Πουρνάρα , |c 1978 | ||
| 300 | |a 311 σ. |b εικ. | ||
| 500 | |a Πανεπιστημιακαί παραδόσεις | ||
| 504 | |a Βιβλιογραφία: σ.300-301. Περιέχει ευρετήριο. | ||
| 650 | 0 | 0 | |a Eastern question (Balkan) |
| 651 | 0 | |a Balkan Peninsula |x History. | |
| 651 | 0 | |a Balkan Peninsula |x Foreign relations. | |
| 852 | |a INST |b LESVOS |e 19950327 |h 938.606 ΛΑΣ |p 005100002018 |q 005100002018 |t BK |y 0 |z τ.Α | ||
| 852 | |a INST |b LESVOS |e 19950327 |h 938.606 ΛΑΣ |p 005100002018 |q 005100002018 |t BK |v τ.Α: |y 0 |z τ.Α | ||
| 853 | |a INST |b LESVOS |h 938.606 ΛΑΣ | ||
| 909 | |a Λ |b 036937 | ||
| 922 | |a 1ΔΩΡ |b 199411 |c ΤΚΑ | ||